000 00598nam a22001937a 4500
003 OSt
005 20240710155142.0
008 240710b |||||||| |||| 00| 0 eng d
020 _a1853391948
040 _cMUST
082 _a307.1412 CHA 1993
100 _aChambers, Robert
_918675
245 _aChallenging the professions :
_bfrontiers for rural development /
_cRobert Chambers
260 _aWarwickshire
_bITDG Publishing
_c1993
300 _axvi, 143p.:
_bill. ;
_c30 cm.
504 _aIncludes bibliographical references and index
650 _aRural development
_92024
942 _2ddc
_cO_SHELF
999 _c9158
_d9158